[Event "Aberto Brasil - II Niterói Chess Open "]
[Site "Salão de Convenções do Hot"]
[Date "2022.09.04"]
[Round "5.88"]
[White "Orofino, Gabriel"]
[Black "Silva, Joao Paulo Gomes"]
[Result "0-1"]
[WhiteElo "1800"]
[BlackElo "1587"]
[PlyCount "110"]
[EventDate "2022.09.01"]
[EventRounds "9"]
[EventCountry "BRA"]

1. e4 c6 2. Nf3 d5 3. exd5 cxd5 4. d4 Nf6 5. Bd3 g6 6. Bf4 Nc6 7. Nbd2 Bg7 8.
h3 O-O 9. O-O Nb4 10. Be2 Bf5 11. c3 Bc2 12. Qc1 Nd3 13. Qxc2 Nxf4 14. Rfe1 a6
15. Nb3 b6 16. a4 Rc8 17. a5 Nxe2+ 18. Rxe2 Ne4 19. Nbd2 Nxd2 20. Nxd2 Bxd4 21.
Qd3 Bg7 22. axb6 Qxb6 23. Rxe7 Qxb2 24. Rb1 Qxc3 25. Qxd5 Rcd8 26. Rd7 Rxd7 27.
Qxd7 a5 28. Rb3 Qc1+ 29. Kh2 a4 30. Rb1 Qc3 31. Rb7 a3 32. Ne4 Qe5+ 33. g3 Qxe4
34. Ra7 Qb4 35. Qa4 Qxa4 36. Rxa4 Bb2 37. Kg1 Rd8 38. Kf1 Rd4 39. Ra5 Re4 40.
Ra6 Rc4 41. Ke1 Rc1+ 42. Kd2 Rc3 43. Ra4 Rb3 44. h4 Kg7 45. Ra6 f5 46. Ra4 Kf6
47. Ra6+ Ke5 48. Ra8 Kd5 49. Rd8+ Kc6 50. Ra8 Kb7 51. Ra4 Rb6 52. Kc2 Ra6 53.
Rb4+ Kc6 54. Kb1 a2+ 55. Kc2 a1=Q 0-1

[Event "Aberto Brasil - II Niterói Chess Open "]
[Site "Salão de Convenções do Hot"]
[Date "2022.09.04"]
[Round "5.90"]
[White "Manoel, Gustavo Da Silva Me"]
[Black "Olivo, Anibal Ribeiro"]
[Result "0-1"]
[WhiteElo "1798"]
[BlackElo "1554"]
[PlyCount "44"]
[EventDate "2022.09.01"]
[EventRounds "9"]
[EventCountry "BRA"]

1. c4 Nf6 2. g3 g6 3. Bg2 Bg7 4. Nc3 c6 5. b3 O-O 6. e3 e5 7. Nge2 d6 8. O-O
Bg4 9. h3 Bf5 10. e4 Be6 11. d4 Qc7 12. Ba3 Rd8 13. Rc1 Na6 14. Kh2 Rac8 15.
Nb5 cxb5 16. cxb5 Qa5 17. Rxc8 Bxc8 18. Qc1 Qxb5 19. Nc3 Qb6 20. dxe5 dxe5 21.
Nd5 Nxd5 22. exd5 Bd7 0-1

[Event "Aberto Brasil - II Niterói Chess Open "]
[Site "Salão de Convenções do Hot"]
[Date "2022.09.04"]
[Round "5.95"]
[White "Garcia, Erich Douglas Ribei"]
[Black "Stival Da Silva, Javier Rodrigo"]
[Result "0-1"]
[WhiteElo "1427"]
[BlackElo "1807"]
[PlyCount "88"]
[EventDate "2022.09.01"]
[EventRounds "9"]
[EventCountry "BRA"]

1. d4 Nf6 2. c4 e6 3. g3 d5 4. Bg2 Be7 5. Nc3 O-O 6. e3 b6 7. Nge2 Bb7 8. O-O
Re8 9. a3 c6 10. b4 dxc4 11. Bb2 Nbd7 12. Qc2 Bf8 13. Rad1 Qc7 14. e4 b5 15. h3
Rad8 16. e5 Nd5 17. Bxd5 exd5 18. f4 a5 19. f5 axb4 20. axb4 Bxb4 21. Nf4 Bxc3
22. Qxc3 c5 23. e6 Nf6 24. exf7+ Qxf7 25. Ne6 Rxe6 26. fxe6 Qxe6 27. Rde1 Qxh3
28. Qf3 Qd7 29. Re2 b4 30. Rfe1 Re8 31. Rxe8+ Nxe8 32. Qe3 Nf6 33. dxc5 c3 34.
Bc1 d4 35. Qe6+ Qxe6 36. Rxe6 d3 37. c6 d2 38. Bxd2 cxd2 39. Rd6 Bxc6 40. Rxd2
b3 41. Rb2 Bd5 42. Kf1 Kf7 43. Ke2 Ke6 44. Ke3 Ke5 0-1

[Event "Aberto Brasil - II Niterói Chess Open "]
[Site "Salão de Convenções do Hot"]
[Date "2022.09.04"]
[Round "5.96"]
[White "Pavao, Tiago Lara Biasi"]
[Black "De Almeida, Olivan Duarte"]
[Result "0-1"]
[WhiteElo "1761"]
[BlackElo "1518"]
[PlyCount "30"]
[EventDate "2022.09.01"]
[EventRounds "9"]
[EventCountry "BRA"]

1. e4 e5 2. Nf3 Nc6 3. Bb5 a6 4. Bxc6 dxc6 5. d4 exd4 6. Nxd4 Bc5 7. c3 Nf6 8.
O-O O-O 9. e5 Ng4 10. Bf4 Re8 11. Re1 Qd5 12. e6 Bxe6 13. Nxe6 Bxf2+ 14. Kf1
Rxe6 15. Qxd5 Rxe1# 0-1

[Event "Aberto Brasil - II Niterói Chess Open "]
[Site "Salão de Convenções do Hot"]
[Date "2022.09.04"]
[Round "5.97"]
[White "De Carvalho, Amauri"]
[Black "Souza, Dion Avalone"]
[Result "0-1"]
[WhiteElo "1204"]
[BlackElo "1750"]
[PlyCount "100"]
[EventDate "2022.09.01"]
[EventRounds "9"]
[EventCountry "BRA"]

1. g3 e6 2. Bg2 d5 3. Nf3 Nc6 4. O-O Bd6 5. d3 Nge7 6. Nbd2 O-O 7. Re1 b6 8. e4
Ba6 9. e5 Bc5 10. Nb3 Rb8 11. c3 d4 12. Re4 dxc3 13. d4 cxb2 14. Bxb2 Bb4 15.
Qc2 Bb7 16. Rd1 Ba5 17. Ba3 Nb4 18. Bxb4 Bxe4 19. Qxe4 Bxb4 20. Ng5 Nf5 21. Nf3
Qd5 22. Qd3 Rfd8 23. g4 Nh6 24. Ng5 Qd7 25. Qxh7+ Kf8 26. Qh8+ Ng8 27. Nh7+ Ke7
28. Qxg7 Qa4 29. Be4 Qxa2 30. Bg6 Kd7 31. Qxf7+ Be7 32. Nd2 Qa4 33. Nb3 Qxb3
34. Rd3 Qc4 35. h3 Kc6 36. Be4+ Kb5 37. Qf3 Rxd4 38. Rxd4 Qxd4 39. Bc6+ Ka5 40.
Qb3 b5 41. Qxe6 Bc5 42. Qa2+ Kb6 43. Bg2 Qxe5 44. Qc2 Nf6 45. Nxf6 Qxf6 46. Qe2
Rf8 47. Bf1 Qxf2+ 48. Qxf2 Rxf2 49. Bg2 b4 50. Kh1 Rxg2 0-1